| 000 | 00361nam a2200133Ia 4500 | ||
|---|---|---|---|
| 008 | 240624s9999 xx 000 0 und d | ||
| 041 | _aeng | ||
| 082 | _a658.4 BEA | ||
| 100 | _aBEAZLEY HAMILTON | ||
| 245 | _aCONTINUITY MANAGEMENT PRESERVING CORPORA | ||
| 260 |
_c2002 _aNew Jersey _bJohn Wiley and Sons |
||
| 300 | _axvii, : 269 : p. : cm. ; 23 | ||
| 365 |
_c _b40 |
||
| 999 |
_c8960 _d8960 |
||